Score 0/30 Timer 04:00
1 Play Today
% Correct
Want
94.7%
Grinch
94.5%
Nightmare
94.3%
Wonderful
94.1%
Polar
94.1%
Christmas
93.8%
Die
93.6%
Miracle
93.4%
Jingle
93.4%
Santa
92.5%
Love
92.5%
Kranks
92.3%
Home
92.3%
Connecticut
91.9%
Vacation
91.4%
% Correct
Lethal
91.4%
Bad
90.1%
Lost
88.8%
Claus
88.4%
Muppet
88.1%
Conquers
86.8%
Inn
86.8%
Bishop
86.8%
Babes
82.6%
Ernest
79.8%
Marley
79.6%
Very
79.6%
Madea
76.3%
Stone
75.8%
Arthur
72.3%
Remove Ads.
Support Sporcle.
Get the best of Sporcle when you Go Orange. This ad-free experience offers more features, more stats, and more fun while also helping to support Sporcle. Thank you for becoming a member.

You're not logged in!

Compare scores with friends on all Sporcle quizzes.
OR
Log In

Show Comments

Extras

Top Quizzes Today


Score Distribution

Your Account Isn't Verified!

In order to create a playlist on Sporcle, you need to verify the email address you used during registration. Go to your Sporcle Settings to finish the process.

Report this User

Report this user for behavior that violates our Community Guidelines.

Details: